000 00481nam a2200169Ia 4500
003 GCL
008 140319s9999 xx 000 0 eng d
040 _aGCL /
_cGCL
082 0 4 _a956
_bH M
100 1 _aهنرى ميللر
245 1 0 _aTHE MIDDLE EAST AND NORTH AFRICA IN WORLD POLITICS: A DOCUMENTARY RECORD /
_cهنرى ميللر
260 _a[S.N] :
_bYALE UNIVERSITY ،
_c1975
300 _a616 P
650 0 4 _aMIDDLE EAST
650 0 4 _aNORTH AFRICA
942 _2ddc
_cBK
999 _c17206
_d17206